| 000 | 01291nam0a2200325 4500 | ||
|---|---|---|---|
| 001 | RU\NLR\bibl\554540 | ||
| 005 | 20260405053900.0 | ||
| 010 |
_a5-7368-0057-8 _9500 |
||
| 021 |
_aRU _b2004-46157 _92287 |
||
| 035 | _a(NLR Aleph) 000546692 | ||
| 090 |
_a1446779 _c1446779 |
||
| 100 | _a20040921d2004 |||y0rusy50 ca | ||
| 101 | 0 | _arus | |
| 102 | _aRU | ||
| 105 | _aa ||||||||| | ||
| 200 | 1 |
_aОткровения небес: веды андрогинов... _e[Сб.] _fОн, она, и они: Борислав и Ниневия Выстрелковы |
|
| 210 |
_aМ. _cСинергия _d2004 |
||
| 215 |
_a856 с. _cил. _d21 |
||
| 225 | 1 | _aБиблиотека интеллектуальной элиты Новой Эры Водолея | |
| 606 | 0 |
_aСексуальные отношения _92144788 _3RU\NLR\auth\661292279 |
|
| 606 | 0 |
_aБиоэнергетика _91073147 _3RU\NLR\auth\6699679 |
|
| 686 | _aС550.53 | ||
| 686 | _aЮ969 | ||
| 700 | 1 |
_4070 _8rus _7ca _aВыстрелков _bБ.И. _gБорис И. _3RU\NLR\auth\7717684 _9770 |
|
| 701 | 1 |
_4070 _8rus _7ca _aВыстрелкова _bН.М. _gНина М. _3RU\NLR\auth\7717686 _9772 |
|
| 801 | 0 |
_aRU _bNLR _c20040921 _gPSBO |
|
| 801 | 1 |
_aRU _bNLR _c20040921 |
|
| 942 | _cBOOK | ||
| 980 | _aNB | ||